000 00314nam a22001337a 4500
008 171016b xxu||||| |||| 00| 0 eng d
020 _a9780130482259
041 _aeng
080 _25 ED
_a331.101.262
100 _a52
101 _aBNJ
245 _aPRENCIPLES OF BEHAVIOR
_cMALOTT.R.W
942 _2udc
_cBK
999 _c34190
_d34190